|
|
|
|
| LEADER |
00000naa2a2200000 4500 |
| 001 |
631000 |
| 005 |
20231229111924.0 |
| 035 |
|
|
|a (RuTPU)RU\TPU\conf\32671
|
| 035 |
|
|
|a RU\TPU\conf\32670
|
| 090 |
|
|
|a 631000
|
| 100 |
|
|
|a 20200420d2019 k y0rusy50 ca
|
| 101 |
0 |
|
|a rus
|
| 102 |
|
|
|a RU
|
| 105 |
|
|
|a y z 101zy
|
| 135 |
|
|
|a drcn ---uucaa
|
| 181 |
|
0 |
|a i
|
| 182 |
|
0 |
|a b
|
| 200 |
1 |
|
|a Анализ теоретических подходов к развитию концепции глобальной конкурентособсности регионов
|d Theoretical review of region global competetiveness development
|f Н. О. Чистякова, И. С. Антонова, А. Б. Жданова
|
| 203 |
|
|
|a Текст
|c электронный
|
| 225 |
1 |
|
|a Инженерное предпринимательство и цифровая экономика
|
| 300 |
|
|
|a Заглавие с титульного экрана
|
| 320 |
|
|
|a [Библиогр.: с. 89 (3 назв.)]
|
| 330 |
|
|
|a The transformation of economic relations from local to global, affecting the change in the behavior patterns of economic agents, makes it necessary to revise the approaches and methods of managing regional development from the perspective of the formation and implementation of a new "value proposition" for all its actors, both external and internal, which necessary for its development and adaptation to modern conditions.
|
| 463 |
|
1 |
|0 (RuTPU)RU\TPU\conf\32627
|t Современные технологии, экономика и образование
|o сборник трудов Всероссийской научно-методической конференции, г. Томск, 27-29 декабря 2019 г.
|f Национальный исследовательский Томский политехнический университет ; под ред. А. Г. Фефеловой, Е. А. Покровской, И. О. Болотиной [и др.]
|v [С. 87-89]
|d 2019
|
| 510 |
1 |
|
|a Theoretical review of region global competetiveness development
|z eng
|
| 610 |
1 |
|
|a электронный ресурс
|
| 610 |
1 |
|
|a труды учёных ТПУ
|
| 610 |
1 |
|
|a теоретические подходы
|
| 610 |
1 |
|
|a развитие
|
| 610 |
1 |
|
|a концепция
|
| 610 |
1 |
|
|a конкурентоспособность
|
| 610 |
1 |
|
|a регионы
|
| 610 |
1 |
|
|a экономические отношения
|
| 610 |
1 |
|
|a адаптация
|
| 610 |
1 |
|
|a современные условия
|
| 610 |
1 |
|
|a модели поведения
|
| 610 |
1 |
|
|a жизненный цикл
|
| 610 |
1 |
|
|a генотипы
|
| 700 |
|
1 |
|a Чистякова
|b Н. О.
|c экономист
|c доцент Томского политехнического университета, кандидат экономических наук
|f 1980-
|g Наталья Олеговна
|3 (RuTPU)RU\TPU\pers\24754
|9 10995
|
| 701 |
|
1 |
|a Антонова
|b И. С.
|c специалист в области менеджмента
|c доцент Томского политехнического университета, кандидат экономических наук
|f 1985-
|g Ирина Сергеевна
|3 (RuTPU)RU\TPU\pers\31912
|9 15982
|
| 701 |
|
1 |
|a Жданова
|b А. Б.
|c экономист
|c доцент Томского политехнического университета, кандидат экономических наук
|f 1971-
|g Анна Борисовна
|3 (RuTPU)RU\TPU\pers\27971
|9 12961
|
| 712 |
0 |
2 |
|a Национальный исследовательский Томский политехнический университет
|b Школа инженерного предпринимательства
|c (2017- )
|3 (RuTPU)RU\TPU\col\23544
|
| 801 |
|
2 |
|a RU
|b 63413507
|c 20200429
|g RCR
|
| 856 |
4 |
|
|u http://earchive.tpu.ru/handle/11683/58157
|
| 942 |
|
|
|c BK
|